<?xml version="1.0" encoding="UTF-8"?>
<record
    xmlns:xsi="http://www.w3.org/2001/XMLSchema-instance"
    xsi:schemaLocation="http://www.loc.gov/MARC21/slim http://www.loc.gov/standards/marcxml/schema/MARC21slim.xsd"
    xmlns="http://www.loc.gov/MARC21/slim">

  <leader>00818nam a2200169   4500</leader>
  <controlfield tag="005">20220328131804.0</controlfield>
  <controlfield tag="008">220328b           ||||| |||| 00| 0 eng d</controlfield>
  <datafield tag="020" ind1=" " ind2=" ">
    <subfield code="a">9786075031828</subfield>
  </datafield>
  <datafield tag="050" ind1="0" ind2="4">
    <subfield code="a">HB942.N54 </subfield>
    <subfield code="b">A74 2016</subfield>
  </datafield>
  <datafield tag="100" ind1="1" ind2=" ">
    <subfield code="a">Arenas Hern&#xE1;ndez, Tom&#xE1;s Dimas.</subfield>
  </datafield>
  <datafield tag="245" ind1="1" ind2="0">
    <subfield code="a">El poder de la fecundidad de las mujeres : </subfield>
    <subfield code="b">reconstrucci&#xF3;n de familias de Nieves, Zacatecas (1861-1950)</subfield>
    <subfield code="c">/ Tom&#xE1;s Dimas Arenas Hern&#xE1;ndez</subfield>
  </datafield>
  <datafield tag="260" ind1=" " ind2=" ">
    <subfield code="a">Durango, Durango, M&#xE9;xico : </subfield>
    <subfield code="b">UJED Editorial : UJED, IIH, Universidad Ju&#xE1;rez del Estado de Durango,</subfield>
    <subfield code="c">2016.</subfield>
  </datafield>
  <datafield tag="300" ind1=" " ind2=" ">
    <subfield code="a">128 p. : </subfield>
    <subfield code="b">il. : map. ; </subfield>
    <subfield code="c">28 cm.</subfield>
  </datafield>
  <datafield tag="650" ind1=" " ind2="7">
    <subfield code="2">Lemb </subfield>
    <subfield code="a">Fertilidad Humana </subfield>
    <subfield code="x">Historia </subfield>
    <subfield code="y">Siglo XIX-XX</subfield>
    <subfield code="z">Nieves, Zacatecas, Zacatecas, M&#xE9;xico </subfield>
  </datafield>
  <datafield tag="650" ind1=" " ind2="7">
    <subfield code="2">Lemb </subfield>
    <subfield code="a">Reconstituci&#xF3;n familiar</subfield>
    <subfield code="y">Siglo XIX-XX</subfield>
    <subfield code="z">Nieves, Zacatecas, Zacatecas, M&#xE9;xico </subfield>
  </datafield>
  <datafield tag="942" ind1=" " ind2=" ">
    <subfield code="2">lcc</subfield>
    <subfield code="c">LIB</subfield>
  </datafield>
  <datafield tag="999" ind1=" " ind2=" ">
    <subfield code="c">161339</subfield>
    <subfield code="d">161337</subfield>
  </datafield>
  <datafield tag="952" ind1=" " ind2=" ">
    <subfield code="1">0</subfield>
    <subfield code="2">lcc</subfield>
    <subfield code="4">0</subfield>
    <subfield code="7">0</subfield>
    <subfield code="a">INV-033</subfield>
    <subfield code="b">INV-033</subfield>
    <subfield code="c">GENERAL</subfield>
    <subfield code="d">2022-03-28</subfield>
    <subfield code="e">DON</subfield>
    <subfield code="f">1a ed. </subfield>
    <subfield code="k">CSA</subfield>
    <subfield code="l">0</subfield>
    <subfield code="o">HB942.N54 A74 2016</subfield>
    <subfield code="p">IIH000032502</subfield>
    <subfield code="r">2022-03-28 00:00:00</subfield>
    <subfield code="t">C:1</subfield>
    <subfield code="v">1.00</subfield>
    <subfield code="y">LIB</subfield>
  </datafield>
</record>
